00339nam a22000977a 4500008004100000082002100041100002900062245009400091260004600185300001000231230605b xxu||||| |||| 00| 0 eng d a328.3676205bGIC cH.B.Ndoria Gicherud1976 aRepublic Of Kenya National AssemblybParliamentary Practice In KenyacH.B. Ndoria Gicheru aNairobibTransafrica Publishers Ltdc1976 a228 p